al-Mukhtār min Rasāʼil Abī Isḥāq Ibrāhīm ibn Hilāl ibn Zahrūn al-Ṣābī /
Main Author:
Other Authors:
Format: Book
Language: Arabic
Published:
Baʻabdā :
al-Maṭbaʻah al-ʻUthmānīyah,
1898.
Subjects:
Tags: Add Tag
Call Number: PJ7750 .S25 Z54 v.1
| LEADER | 01612nam a2200253Ia 4500 | ||
|---|---|---|---|
| 003 | OSt | ||
| 005 | 20231116090956.0 | ||
| 008 | 130303s1898 le 000 0 ara d | ||
| 952 | |0 0 |1 0 |2 lcc |3 V.1 |4 0 |6 PJ7750 S25 Z54 V.00001 |7 1 |9 56292 |a ARCE |b ARCE |d 2023-11-16 |l 0 |o PJ7750 .S25 Z54 v.1 |p 1031949 |r 2023-11-16 00:00:00 |w 2023-11-16 |y BK | ||
| 999 | |c 27531 |d 27531 | ||
| 040 | |c ARCE Library | ||
| 050 | 4 | |a PJ7750 .S25 Z54 v.1 | |
| 100 | 1 | |6 880-01 |a Ṣābī, Ibrāhīm ibn Hilāl, |d 925-994, |e author | |
| 240 | 1 | 0 | |a Rasāʼil Abī Isḥāq Ibrāhīm ibn Hilāl ibn Zahrūn al-Ṣābī. |
| 245 | 1 | 3 | |6 880-02 |a al-Mukhtār min Rasāʼil Abī Isḥāq Ibrāhīm ibn Hilāl ibn Zahrūn al-Ṣābī / |c naqqaḥahu wa-ʻallaqa ḥawāshiyahu Shakīb Arslān al-Lubnānī. |
| 264 | 1 | |a Baʻabdā : |b al-Maṭbaʻah al-ʻUthmānīyah, |c 1898. | |
| 300 | |a v. <1> ; |c 24 cm. | ||
| 600 | 1 | 0 | |a Ṣābī, Ibrāhīm ibn Hilāl, |d 925-994. |
| 650 | 0 | |a Arabic literature |y 750-1258. | |
| 700 | 1 | |a Arslān, Shakīb, |c Amīr, |d 1869-1946. | |
| 880 | 1 | |6 100-01/(3/r |a صابي، إبراهيم بن هلال، |d 925-994. | |
| 880 | 1 | 2 | |6 245-02/(3/r |a المختار من رسائل أبي إسحاق إبراهيم بن هلال بن زهرون الصابي |c نقحه و علق حواشيه شكيب أرسلان اللبناني. |
| 901 | |a reviewed | ||
| 942 | |c BK |2 lcc | ||
